La guerra de los cien años
Zapisane w:
| 1. autor: | |
|---|---|
| Format: | Książka |
| Język: | hiszpański |
| Wydane: |
Madrid
Akal
1982
|
| Seria: | Akal Universitaria. Serie: Humanidades, 31
|
| Hasła przedmiotowe: | |
| Etykiety: |
Dodaj etykietę
Nie ma etykietki, Dołącz pierwszą etykiete!
|
MARC
| LEADER | 00000nam a2200000 a 4500 | ||
|---|---|---|---|
| 001 | UCO0822 | ||
| 003 | CL-VaPUC | ||
| 008 | 000428e19820000SP |||||||||||||||||spa|d | ||
| 082 | 0 | 4 | |a 944.025 |b PER |2 21 |
| 100 | 0 | |a Perroy, Edouard |e author |9 442362 | |
| 245 | 1 | 3 | |a La guerra de los cien años |
| 300 | |a 332 p | ||
| 942 | |c BK | ||
| 945 | |d 20000428 00:00:00 |a rherrera | ||
| 260 | |a Madrid |b Akal |c 1982 | ||
| 600 | 0 | 7 | |a CARLOS V |2 CL-VaPUC |9 349626 |
| 600 | 0 | 7 | |a LANCASTER |2 CL-VaPUC |9 442363 |
| 600 | 0 | 7 | |a JUANA DE ARCO |2 CL-VaPUC |9 442364 |
| 600 | 0 | 7 | |a EDUARDO I |2 CL-VaPUC |9 435475 |
| 650 | 0 | |a Historia de Francia |9 336927 | |
| 650 | 7 | |a GUERRA DE LOS CIEN AÑOS |2 CL-VaPUC |9 440748 | |
| 650 | 7 | |a SIGLOS 14-15 |2 CL-VaPUC |9 440922 | |
| 651 | 0 | |a Francia |9 255157 | |
| 651 | 0 | |a Inglaterra |9 255158 | |
| 583 | |a last modification |c 20000428 00:00:00 |k Rodrigo Vera | ||
| 490 | 0 | |a Akal Universitaria. Serie: Humanidades, 31 | |
| 999 | |c 287468 |d 287466 | ||
| 952 | |0 0 |1 0 |4 0 |6 944_025000000000000_PER_1982 |7 0 |8 A |9 334335 |a BIBHIS |b BIBHIS |d 2019-11-20 |i 1266713 |l 1 |o 944.025 PER 1982 |p 1266713 |r 2025-01-20 |s 2024-04-19 |w 2019-11-20 |y BK |k HIS | ||